| 000 -LEADER |
| fixed length control field |
01420nam a2200325Ia 4500 |
| 001 - CONTROL NUMBER |
| control field |
21302 |
| 003 - CONTROL NUMBER IDENTIFIER |
| control field |
GE_BSU |
| 005 - DATE AND TIME OF LATEST TRANSACTION |
| control field |
20211021171645.0 |
| 008 - FIXED-LENGTH DATA ELEMENTS--GENERAL INFORMATION |
| fixed length control field |
181216s2017||||ru |||||||||||||| ||rus|| |
| 020 ## - INTERNATIONAL STANDARD BOOK NUMBER |
| International Standard Book Number |
9785756708691 |
| 040 ## - CATALOGING SOURCE |
| Transcribing agency |
GE_BSU |
| 041 ## - LANGUAGE CODE |
| Language code of text/sound track or separate title |
rus |
| 080 ## - UNIVERSAL DECIMAL CLASSIFICATION NUMBER |
| Universal Decimal Classification number |
327 И-90 |
| 100 ## - MAIN ENTRY--PERSONAL NAME |
| Personal name |
Борисов, А.Ю. |
| 9 (RLIN) |
12712 |
| 245 ## - TITLE STATEMENT |
| Title |
История Международных Отношений : Т2. Межвоенный период и вторая мировая война: |
| Remainder of title |
Учебник / |
| Statement of responsibility, etc. |
А. Ю. Борисов, Н.Е. Клейменова и др. ; Под. ред. : А. В.Торкунова, М. М. Наринского. |
| 250 ## - EDITION STATEMENT |
| Edition statement |
2-е изд. |
| 264 ## - PRODUCTION, PUBLICATION, DISTRIBUTION, MANUFACTURE, AND COPYRIGHT NOTICE |
| Place of production, publication, distribution, manufacture |
Москва : |
| Name of producer, publisher, distributor, manufacturer |
Аспект-Пресс, |
| Date of production, publication, distribution, manufacture, or copyright notice |
2017. |
| 300 ## - PHYSICAL DESCRIPTION |
| Extent |
496 стр. ; |
| Dimensions |
24 см. |
| 500 ## - GENERAL NOTE |
| General note |
Хронолог-я таблица стр. 473-496 |
| 653 ## - INDEX TERM--UNCONTROLLED |
| keyword |
История Международных Отношений |
| 653 ## - INDEX TERM--UNCONTROLLED |
| keyword |
Межвоенный период и вторая мировая война |
| 653 ## - INDEX TERM--UNCONTROLLED |
| keyword |
Политика |
| 653 ## - INDEX TERM--UNCONTROLLED |
| keyword |
პოლიტიკა |
| 700 ## - ADDED ENTRY--PERSONAL NAME |
| Personal name |
Клейменова, Н.Е. |
| Relator term |
Автор |
| 9 (RLIN) |
12713 |
| 700 ## - ADDED ENTRY--PERSONAL NAME |
| Personal name |
Торкунов, А. В. |
| Relator term |
Редактор |
| 9 (RLIN) |
12714 |
| 700 ## - ADDED ENTRY--PERSONAL NAME |
| Personal name |
Наринский, М.М. |
| Relator term |
Редактор |
| 9 (RLIN) |
12715 |
| 710 ## - ADDED ENTRY--CORPORATE NAME |
| Corporate name or jurisdiction name as entry element |
Московский гос. ин-т междунар. отнош. |
| 9 (RLIN) |
12464 |
| 942 ## - ADDED ENTRY ELEMENTS (KOHA) |
| Koha item type |
წიგნი |
| Source of classification or shelving scheme |
|